National Bank of Greece 1984

Saved in:
Bibliographic Details
Format: Book
Language:English
Published: Athens National Bank of Greece 1985
Edition:1. ed.
Tags: Add Tag
No Tags, Be the first to tag this record!

MARC

LEADER 00000nam a2200000 4500
001 c109812
005 20221207072342.6
041 0 |a eng 
044 |a GR 
245 1 0 |a National Bank of Greece 1984 
250 |a 1. ed. 
264 1 |a Athens  |b National Bank of Greece  |c 1985 
300 |a 68 s.